[Event "Dubai Police op-A"]
[Site "Dubai"]
[Date "2024.05.06"]
[Round "3"]
[White "Sargsyan, Shant"]
[Black "Nogerbek, Kazybek"]
[Result "1-0"]
[WhiteElo "2637"]
[BlackElo "2487"]
[PlyCount "79"]
[EventDate "2024.05.04"]
[EventType "swiss"]
[EventRounds "9"]
[EventCountry "UAE"]
[SourceTitle "CB20_2024"]
[SourceDate "2024.05.16"]
[SourceVersion "1"]
[SourceVersionDate "2024.05.16"]
[SourceQuality "1"]

1. e4 e5 2. Nf3 Nc6 3. Bb5 a6 4. Ba4 Nf6 5. 0-0 Be7 6. Re1 b5 7. Bb3 0-0 8. a4 Rb8 9. c3 d6 10. d4 exd4 11. cxd4 d5 12. e5 Ne4 13. Nbd2 Bf5 14. Bc2 Nb4 15. Bb1 c5 16. Nxe4 dxe4 17. Bxe4 Bxe4 18. Rxe4 Qd5 19. Rg4 f5 20. exf6 Bxf6 21. axb5 axb5 22. Bg5 c4 23. Ra7 Rb7 24. Rxb7 Qxb7 25. Ne5 Bxg5 26. Rxg5 Qe4 27. Nf3 Nd5 28. Re5 Qd3 29. Qxd3 cxd3 30. Kf1 Rc8 31. Ke1 Nf4 32. g3 Rc1+ 33. Kd2 Rc2+ 34. Ke3 Nh3 35. Rxb5 Nxf2 36. Nd2 Rxb2 37. Rxb2 Nd1+ 38. Kxd3 Nxb2+ 39. Kc2 Na4 40. Nc4 1-0

[Event "Wch Blitz"]
[Site "Samarkand"]
[Date "2023.12.30"]
[Round "14"]
[White "Keymer, Vincent"]
[Black "Nogerbek, Kazybek"]
[Result "1/2-1/2"]
[WhiteElo "2738"]
[BlackElo "2483"]
[PlyCount "159"]
[EventDate "2023.12.29"]
[EventType "swiss (blitz)"]
[EventRounds "21"]
[EventCountry "UZB"]
[SourceTitle "CB01_2024"]
[SourceDate "2024.01.03"]
[SourceVersion "1"]
[SourceVersionDate "2024.01.03"]
[SourceQuality "1"]

1. Nf3 d5 2. e3 Nf6 3. c4 e6 4. Nc3 Be7 5. b3 0-0 6. Bb2 c5 7. d4 cxd4 8. Nxd4 dxc4 9. Bxc4 Bd7 10. 0-0 Nc6 11. Nf3 a6 12. Qb1 Qa5 13. Ne4 Nxe4 14. Qxe4 Rfd8 15. h3 Qf5 16. Qxf5 exf5 17. Bd5 Rac8 18. Rac1 b5 19. Ne5 Nxe5 20. Bxe5 Be6 21. Bb7 Rxc1 22. Rxc1 a5 23. Rc2 Rd1+ 24. Kh2 Bd6 25. Bxd6 Rxd6 26. Bc6 b4 27. Rc5 g6 28. Kg3 Kg7 29. h4 Kf6 30. Ba4 Rd5 31. Rc2 h6 32. Kf3 Rd1 33. Bc6 Ra1 34. Ke2 Ke5 35. g3 Kd6 36. Ba4 Bd5 37. Rd2 Ke5 38. Rc2 Kd6 39. Rd2 Ke6 40. Rc2 Be4 41. Rd2 Bb1 42. Kd1 Bxa2+ 43. Kc2 Bb1+ 44. Kb2 Ra2+ 45. Kc1 Rxd2 46. Kxd2 Be4 47. Bb5 Kd6 48. Be8 Ke7 49. Bb5 g5 50. hxg5 hxg5 51. Ba6 Kd6 52. Bb5 Bd5 53. Kc2 g4 54. Ba6 Ke5 55. Bf1 Be4+ 56. Kd2 Kd6 57. Bb5 Kc5 58. Be8 Bd5 59. Kc2 Be6 60. Ba4 Kd6 61. Bb5 Bd7 62. Bc4 f6 63. Bd3 Kc5 64. Ba6 a4 65. bxa4 Bxa4+ 66. Kd2 Bc6 67. Bc8 Be4 68. Ba6 Kb6 69. Bc4 Ka5 70. Kc1 Kb6 71. Kd2 Kc5 72. Ba6 Kd6 73. Bc4 Bd5 74. Bf1 Ke5 75. Kc2 Be6 76. Bd3 Bd5 77. Bf1 Kd6 78. Kd2 Kc5 79. Bd3 Be4 80. Ba6 1/2-1/2

[Event "Wch Blitz"]
[Site "Samarkand"]
[Date "2023.12.30"]
[Round "20"]
[White "Yakubboev, Nodirbek"]
[Black "Nogerbek, Kazybek"]
[Result "1/2-1/2"]
[WhiteElo "2661"]
[BlackElo "2483"]
[PlyCount "167"]
[EventDate "2023.12.29"]
[EventType "swiss (blitz)"]
[EventRounds "21"]
[EventCountry "UZB"]
[SourceTitle "CB01_2024"]
[SourceDate "2024.01.03"]
[SourceVersion "1"]
[SourceVersionDate "2024.01.03"]
[SourceQuality "1"]

1. c4 e6 2. g3 d5 3. Nf3 Nf6 4. Bg2 d4 5. d3 Bb4+ 6. Nbd2 a5 7. a3 Be7 8. Ne5 0-0 9. 0-0 Nfd7 10. f4 Nxe5 11. fxe5 Bg5 12. Ne4 Bxc1 13. Qxc1 Nd7 14. Qf4 Qe7 15. Rf2 a4 16. Raf1 Ra5 17. Nf6+ gxf6 18. Qg4+ Kh8 19. exf6 Nxf6 20. Rxf6 Rf5 21. Qxd4 e5 22. Qh4 Rxf1+ 23. Kxf1 Rg8 24. Be4 Rg7 25. Kf2 Be6 26. Qh6 c6 27. Ke1 b5 28. cxb5 cxb5 29. Rf2 b4 30. axb4 Qxb4+ 31. Qd2 Qxd2+ 32. Kxd2 Rg8 33. Rf1 Rb8 34. Kc2 Rc8+ 35. Kd2 Rb8 36. Kc3 Rc8+ 37. Kb4 Rb8+ 38. Kc3 Rc8+ 39. Kd2 Rb8 40. Kc1 Rc8+ 41. Kb1 Bb3 42. Rf5 Rc2 43. Rxe5 Rxe2 44. Rc5 Rxh2 45. Kc1 Rf2 46. d4 Rf1+ 47. Kd2 Rd1+ 48. Ke3 Kg7 49. Rg5+ Kf6 50. Rf5+ Ke7 51. Re5+ Kd6 52. Bxh7 Rg1 53. Kf2 Rd1 54. Ke3 Re1+ 55. Kf2 Rd1 56. Ke3 Re1+ 57. Kd2 Rg1 58. Re3 Kd5 59. Rd3 Rg2+ 60. Kc3 Rc2+ 61. Kb4 Rxb2 62. Ka3 Ra2+ 63. Kb4 Rh2 64. Bf5 Rf2 65. Bc8 Re2 66. Bb7+ Kd6 67. Bf3 Rc2 68. d5 Rc4+ 69. Ka3 Rc5 70. Kb4 Rc7 71. Ka3 Bc2 72. Re3 Rb7 73. Rc3 Rb3+ 74. Rxb3 Bxb3 75. Bh5 f6 76. Bf3 Bxd5 77. Bd1 Bb3 78. Bxb3 axb3 79. Kxb3 Kd5 80. Kb4 Ke4 81. Kc5 Kf3 82. Kd5 Kxg3 83. Ke6 f5 84. Kxf5 1/2-1/2

[Event "Wch Blitz"]
[Site "Samarkand"]
[Date "2023.12.29"]
[Round "8"]
[White "Begmuratov, Khumoyun"]
[Black "Nogerbek, Kazybek"]
[Result "0-1"]
[WhiteElo "2371"]
[BlackElo "2483"]
[PlyCount "108"]
[EventDate "2023.12.29"]
[EventType "swiss (blitz)"]
[EventRounds "21"]
[EventCountry "UZB"]
[SourceTitle "CB01_2024"]
[SourceDate "2024.01.03"]
[SourceVersion "1"]
[SourceVersionDate "2024.01.03"]
[SourceQuality "1"]

1. e4 e5 2. Nf3 Nc6 3. Bb5 a6 4. Ba4 Nf6 5. d3 d6 6. c3 g6 7. 0-0 Bg7 8. Re1 0-0 9. Nbd2 b5 10. Bb3 Na5 11. Bc2 c5 12. Nf1 Nc6 13. h3 h6 14. Ng3 d5 15. a4 Be6 16. exd5 Qxd5 17. Ne4 Nxe4 18. dxe4 Qxd1 19. Rxd1 Na5 20. axb5 axb5 21. Be3 Nb3 22. Rxa8 Rxa8 23. Bxb3 Bxb3 24. Rd6 Bc2 25. Nd2 Bf8 26. Rd5 b4 27. Bxc5 b3 28. Bxf8 Kxf8 29. f3 f6 30. Rb5 Ra1+ 31. Kh2 Ra2 32. Nxb3 Rxb2 33. Nd4 Ra2 34. Rb8+ Kf7 35. Rb7+ Kg8 36. Ne6 g5 37. Rg7+ Kh8 38. Rg6 Kh7 39. Nf8+ Kh8 40. Ne6 Kh7 41. Rxf6 Bd3 42. Rf7+ Kg6 43. Rf5 Bf1 44. Kg1 Bxg2 45. c4 Bxh3 46. Rxe5 Kf6 47. Nxg5 Kxe5 48. Nxh3 Rc2 49. Nf2 Kf4 50. Nd3+ Kg3 51. Kf1 h5 52. e5 h4 53. e6 h3 54. Ne1 Rf2+ 0-1

[Event "Wch Rapid"]
[Site "Samarkand"]
[Date "2023.12.28"]
[Round "10"]
[White "Nogerbek, Kazybek"]
[Black "Riazantsev, Alexander"]
[Result "1/2-1/2"]
[WhiteElo "2483"]
[BlackElo "2616"]
[PlyCount "150"]
[EventDate "2023.12.26"]
[EventType "swiss (rapid)"]
[EventRounds "13"]
[EventCountry "UZB"]
[SourceTitle "CB01_2024"]
[SourceDate "2024.01.03"]
[SourceVersion "1"]
[SourceVersionDate "2024.01.03"]
[SourceQuality "1"]

1. d4 Nf6 2. c4 g6 3. Nc3 Bg7 4. e4 d6 5. Nf3 0-0 6. Be2 Re8 7. 0-0 Nc6 8. Be3 e5 9. d5 Nd4 10. Nxd4 exd4 11. Bxd4 Nxe4 12. Bxg7 Kxg7 13. Qd4+ Qf6 14. Qxf6+ Kxf6 15. Nb5 Re7 16. Rfe1 a6 17. Nd4 Bd7 18. Bd3 Rae8 19. f3 Nc5 20. Rxe7 Rxe7 21. Bc2 a5 22. Kf2 h6 23. h4 Re8 24. b3 c6 25. dxc6 bxc6 26. Rd1 h5 27. a3 Ke7 28. Ke3 Rb8 29. Kd2 Ne6 30. Ne2 c5 31. Kc3 Bc6 32. Re1 Kf6 33. Bd3 Rg8 34. Rh1 Re8 35. Rb1 Re7 36. Rb2 Re8 37. b4 axb4+ 38. axb4 cxb4+ 39. Rxb4 Nc5 40. Kd2 Bd7 41. Rb6 Ke7 42. Be4 Nxe4+ 43. fxe4 Be6 44. Kd3 Rc8 45. Rb4 Kf6 46. Kd4 Ra8 47. Nc3 Ra1 48. Rb6 Ke7 49. Rb7+ Kf6 50. g3 Rg1 51. Rb3 g5 52. Nd5+ Bxd5 53. hxg5+ Kxg5 54. exd5 Rd1+ 55. Rd3 Rc1 56. Rf3 f5 57. Re3 Rd1+ 58. Kc3 Rc1+ 59. Kd3 Rd1+ 60. Kc3 Rc1+ 61. Kb4 Rb1+ 62. Ka5 Rc1 63. Kb5 Rb1+ 64. Kc6 Rc1 65. Kxd6 Rxc4 66. Ke6 f4 67. Re5+ Kg4 68. gxf4 Rxf4 69. d6 h4 70. d7 Rf8 71. Kd6 Rd8 72. Re8 Rxd7+ 73. Kxd7 h3 74. Rh8 Kg3 75. Rxh3+ Kxh3 1/2-1/2

[Event "Wch Rapid"]
[Site "Samarkand"]
[Date "2023.12.27"]
[Round "9"]
[White "Tari, Aryan"]
[Black "Nogerbek, Kazybek"]
[Result "1-0"]
[WhiteElo "2623"]
[BlackElo "2483"]
[PlyCount "95"]
[EventDate "2023.12.26"]
[EventType "swiss (rapid)"]
[EventRounds "13"]
[EventCountry "UZB"]
[SourceTitle "CB01_2024"]
[SourceDate "2024.01.03"]
[SourceVersion "1"]
[SourceVersionDate "2024.01.03"]
[SourceQuality "1"]

1. e4 e5 2. Nf3 Nc6 3. Bb5 a6 4. Ba4 Nf6 5. Nc3 b5 6. Bb3 Bc5 7. a4 b4 8. Nd5 0-0 9. 0-0 h6 10. c3 bxc3 11. bxc3 Nxe4 12. d4 exd4 13. cxd4 Bd6 14. Qd3 Nf6 15. Bc2 g6 16. Nxf6+ Qxf6 17. Bxh6 Re8 18. Bb3 Nb4 19. Qd2 Bb7 20. Ne5 Bd5 21. Ra3 Bxb3 22. Rxb3 Nd5 23. Rf3 Bxe5 24. Rxf6 Bxf6 25. Qd3 Re6 26. Rb1 Rae8 27. g3 Re4 28. Qxa6 Bxd4 29. Rf1 c5 30. Qb7 Nf6 31. Be3 Bxe3 32. fxe3 Ng4 33. a5 R4e7 34. Qb6 d5 35. Qxc5 Re6 36. Ra1 Ra6 37. Qxd5 Nf6 38. Qb5 Rea8 39. Ra4 Ne8 40. h4 Nd6 41. Qg5 Re8 42. h5 Re6 43. Rb4 Ne4 44. Qd8+ Kg7 45. Rb8 Kh6 46. Rb5 Nf6 47. Qf8+ Kh7 48. Qxf7+ 1-0

[Event "Wch Rapid"]
[Site "Samarkand"]
[Date "2023.12.27"]
[Round "6"]
[White "Xiu, Deshun"]
[Black "Nogerbek, Kazybek"]
[Result "0-1"]
[WhiteElo "2510"]
[BlackElo "2483"]
[PlyCount "168"]
[EventDate "2023.12.26"]
[EventType "swiss (rapid)"]
[EventRounds "13"]
[EventCountry "UZB"]
[SourceTitle "CB01_2024"]
[SourceDate "2024.01.03"]
[SourceVersion "1"]
[SourceVersionDate "2024.01.03"]
[SourceQuality "1"]

1. Nf3 d5 2. e3 Nf6 3. c4 e6 4. b3 Be7 5. Bb2 0-0 6. Nc3 c5 7. cxd5 exd5 8. d4 Nc6 9. Be2 Ne4 10. 0-0 Bf6 11. Na4 Bg4 12. Rc1 cxd4 13. Nxd4 Bxd4 14. Bxg4 Bxb2 15. Nxb2 Qf6 16. Na4 Rad8 17. Qc2 Rfe8 18. f3 Qg5 19. fxe4 Qxg4 20. Nc5 Ne5 21. Rf4 Qc8 22. exd5 Rxd5 23. Rd4 Qc6 24. Rxd5 Qxd5 25. Qe4 Qd2 26. Rf1 b6 27. Na6 Qd7 28. Qd4 Qc8 29. Qa4 h6 30. Nc7 Rd8 31. Nb5 Rd2 32. Qe4 Qc6 33. Qxc6 Nxc6 34. Rc1 Ne5 35. Nxa7 Rxa2 36. Nc8 b5 37. h3 b4 38. Rc5 Nd3 39. Rd5 Ne1 40. g4 Nf3+ 41. Kf1 Nd2+ 42. Kg1 Rb2 43. Ne7+ Kh7 44. Nc6 Nf3+ 45. Kf1 Rxb3 46. Rf5 Rxe3 47. Nxb4 Nd2+ 48. Kg2 f6 49. Nd5 Rd3 50. Nf4 Ra3 51. Ne2 Ne4 52. Rf4 Ng5 53. Ng1 Ra2+ 54. Rf2 Ra3 55. Re2 Kg6 56. Re7 Ra2+ 57. Kg3 f5 58. gxf5+ Kf6 59. Rd7 Ra3+ 60. Kg2 Ne4 61. Nf3 Ra2+ 62. Kg1 Ng3 63. Rb7 Ra3 64. Kg2 Nxf5 65. Rb6+ Ke7 66. Ne5 g5 67. Ng6+ Kf7 68. Ne5+ Kg7 69. Rg6+ Kh7 70. Rf6 Ne3+ 71. Kf2 Nd5 72. Rd6 Nf4 73. Rd7+ Kg8 74. h4 gxh4 75. Ng4 Ra6 76. Kf3 Nh3 77. Ne3 Ra3 78. Re7 Ng5+ 79. Kg4 h3 80. Nf5 h2 81. Nxh6+ Kf8 82. Re1 Ne4 83. Rf1+ Ke8 84. Re1 h1Q 0-1

[Event "KAZ-ch"]
[Site "Astana"]
[Date "2023.12.15"]
[Round "3"]
[White "Kazhgaleyev, Murtas"]
[Black "Nogerbek, Kazybek"]
[Result "1/2-1/2"]
[WhiteElo "2490"]
[BlackElo "2483"]
[PlyCount "127"]
[EventDate "2023.12.13"]
[EventType "tourn"]
[EventRounds "13"]
[EventCountry "KAZ"]
[EventCategory "6"]
[SourceTitle "CB52_2023"]
[SourceDate "2023.12.27"]
[SourceVersion "1"]
[SourceVersionDate "2023.12.27"]
[SourceQuality "1"]

1. e4 e5 2. Nf3 Nc6 3. Bc4 Nf6 4. d3 Bc5 5. 0-0 d6 6. a4 h6 7. a5 a6 8. Be3 0-0 9. Bxc5 dxc5 10. Nbd2 Re8 11. Re1 Nh5 12. Nf1 Nf4 13. Ne3 Be6 14. g3 Nh3+ 15. Kg2 Ng5 16. Bxe6 Nxe6 17. c3 b5 18. axb6 cxb6 19. Nh4 g6 20. Nf3 h5 21. Nd5 b5 22. b4 cxb4 23. cxb4 Nc7 24. Qb3 Qd6 25. Nxc7 Qxc7 26. Rec1 Qd6 27. Rc5 Nd4 28. Nxd4 Qxd4 29. Ra3 Red8 30. Qc3 Qxc3 31. Raxc3 Rd4 32. Rxe5 Rxb4 33. Re7 Rd4 34. Rcc7 Rf8 35. Ra7 Rxd3 36. Rxa6 Rdd8 37. Rb6 Rb8 38. Reb7 Rxb7 39. Rxb7 Re8 40. Kf3 Re5 41. Kf4 Rc5 42. h4 Kf8 43. g4 hxg4 44. Kxg4 Rh5 45. Kg3 g5 46. hxg5 Rxg5+ 47. Kf4 Rc5 48. e5 f6 49. exf6 b4 50. Kg4 b3 51. f4 b2 52. Rxb2 Kf7 53. Rb6 Ra5 54. Rd6 Rb5 55. Kf3 Rf5 56. Ke4 Rxf6 57. Rd7+ Kf8 58. Ke5 Ra6 59. f5 Rb6 60. Kf4 Ra6 61. Kg5 Rb6 62. Ra7 Rc6 63. f6 Rc1 64. Ra8+ 1/2-1/2

[Event "Cheliabinsk Shusharin Memorial Rapid"]
[Site "Cheliabinsk"]
[Date "2023.11.16"]
[Round "8"]
[White "Kezin, Roman"]
[Black "Nogerbek, Kazybek"]
[Result "0-1"]
[WhiteElo "2505"]
[BlackElo "2483"]
[PlyCount "110"]
[EventDate "2023.11.15"]
[EventType "swiss (rapid)"]
[EventRounds "11"]
[EventCountry "RUS"]
[SourceTitle "CB47_2023"]
[SourceDate "2023.11.22"]
[SourceVersion "1"]
[SourceVersionDate "2023.11.22"]
[SourceQuality "1"]

1. d4 Nf6 2. c4 e6 3. Nf3 d5 4. g3 dxc4 5. Bg2 Bb4+ 6. Nc3 0-0 7. 0-0 Nc6 8. Re1 Bd6 9. Bg5 h6 10. Bxf6 Qxf6 11. Rc1 Rd8 12. Ne4 Qe7 13. Rxc4 e5 14. d5 Bb4 15. Nfd2 Nd4 16. e3 Nf5 17. Qc2 Ba5 18. Rc1 Bb6 19. Rc3 Nd6 20. Nxd6 cxd6 21. Nc4 Bd7 22. Nxb6 axb6 23. a3 Rdc8 24. Qb3 Qd8 25. Qb4 Rc5 26. Rxc5 bxc5 27. Qc3 Qa5 28. Bf1 Qxc3 29. Rxc3 b5 30. Kg2 f5 31. f3 Kf7 32. Kf2 Ke7 33. Rc2 Ra4 34. f4 Kf6 35. Be2 g5 36. fxg5+ Kxg5 37. Rc3 c4 38. b4 Ra7 39. Bd1 Kf6 40. e4 fxe4 41. Ke3 Bf5 42. Bc2 Kg5 43. h4+ Kf6 44. Bxe4 Bxe4 45. Kxe4 h5 46. Rf3+ Kg6 47. Rc3 Rc7 48. Rf3 c3 49. Rf1 c2 50. Rc1 Rc3 51. a4 bxa4 52. b5 a3 53. b6 a2 54. b7 Rb3 55. g4 Rxb7 0-1

[Event "Qatar Masters op"]
[Site "Doha"]
[Date "2023.10.18"]
[Round "7"]
[White "Nogerbek, Kazybek"]
[Black "Lalith, Babu MR"]
[Result "1/2-1/2"]
[WhiteElo "2471"]
[BlackElo "2547"]
[PlyCount "75"]
[EventDate "2023.10.11"]
[EventType "swiss"]
[EventRounds "9"]
[EventCountry "QAT"]
[SourceTitle "Mega2024 Update 01"]
[Source "Chessbase"]
[SourceDate "2023.11.12"]
[SourceVersion "1"]
[SourceVersionDate "2023.11.12"]
[SourceQuality "1"]

1. d4 Nf6 2. c4 e6 3. Nf3 b6 4. a3 Bb7 5. Nc3 d5 6. cxd5 Nxd5 7. Qc2 Nxc3 8. bxc3 c5 9. e4 Nd7 10. Bf4 Be7 11. Bd3 Qc8 12. Qb1 Ba6 13. 0-0 0-0 14. e5 Bxd3 15. Qxd3 Rd8 16. Qe4 Nf8 17. Bg5 Bxg5 18. Nxg5 h6 19. Nf3 cxd4 20. cxd4 Ng6 21. h4 Ne7 22. Rfd1 Qd7 23. h5 Rac8 24. Rd3 Qb5 25. Rad1 Nd5 26. Qh4 Rd7 27. Kh2 Qb2 28. Nd2 Rc1 29. Rxc1 Qxc1 30. Qg4 Kf8 31. Ne4 Qf4+ 32. Qxf4 Nxf4 33. Rc3 Rxd4 34. Nd6 Nd5 35. Rc8+ Ke7 36. Rb8 f6 37. Rb7+ Kf8 38. Rb8+ 1/2-1/2

[Event "Qatar Masters op"]
[Site "Doha"]
[Date "2023.10.15"]
[Round "5"]
[White "Nihal, Sarin"]
[Black "Nogerbek, Kazybek"]
[Result "1/2-1/2"]
[WhiteElo "2694"]
[BlackElo "2471"]
[PlyCount "50"]
[EventDate "2023.10.11"]
[EventType "swiss"]
[EventRounds "9"]
[EventCountry "QAT"]
[SourceTitle "Mega2024 Update 01"]
[Source "Chessbase"]
[SourceDate "2023.11.12"]
[SourceVersion "1"]
[SourceVersionDate "2023.11.12"]
[SourceQuality "1"]

1. d4 Nf6 2. c4 e6 3. Bf4 d5 4. cxd5 exd5 5. e3 Bd6 6. Bxd6 Qxd6 7. Bd3 0-0 8. Nc3 c6 9. h3 Nbd7 10. Nf3 Qe7 11. Qc2 Re8 12. 0-0 a5 13. Na4 Ne4 14. a3 h6 15. Rab1 Ng5 16. Nxg5 Qxg5 17. Kh2 Nf6 18. b4 Bxh3 19. gxh3 Ng4+ 20. hxg4 Qh4+ 21. Kg2 Qxg4+ 22. Kh2 Qh4+ 23. Kg2 Qg4+ 24. Kh2 Qh4+ 25. Kg2 Qg4+ 1/2-1/2

[Event "Asian Games"]
[Site "Hangzhou"]
[Date "2023.09.26"]
[Round "6"]
[White "Le, Tuan Minh"]
[Black "Nogerbek, Kazybek"]
[Result "1-0"]
[WhiteElo "2559"]
[BlackElo "2471"]
[PlyCount "97"]
[EventDate "2023.09.24"]
[EventType "swiss (rapid)"]
[EventRounds "9"]
[EventCountry "CHN"]
[SourceTitle "EXT 2024"]
[Source "ChessBase"]
[SourceDate "2023.10.10"]
[SourceVersion "1"]
[SourceVersionDate "2023.10.10"]
[SourceQuality "1"]

1. d4 Nf6 2. c4 e6 3. Nf3 d5 4. Nc3 Nbd7 5. cxd5 exd5 6. Bf4 c6 7. h3 Be7 8. e3 0-0 9. Bd3 Re8 10. 0-0 Nf8 11. Qc2 Ng6 12. Bh2 Bd6 13. Bxd6 Qxd6 14. Rab1 a5 15. a3 Bd7 16. Rfc1 Qe7 17. b4 axb4 18. axb4 b5 19. Bf5 Bxf5 20. Qxf5 Nd7 21. Ne2 Qd6 22. Ng5 Nf6 23. Qc2 Ra6 24. Ng3 h6 25. Nf3 Rea8 26. Rb3 Nd7 27. Rc3 Ne7 28. Nf5 Nxf5 29. Qxf5 g6 30. Qc2 Rc8 31. e4 dxe4 32. Qxe4 Nf6 33. Qh4 Kg7 34. Ne5 Qxb4 35. Rf3 c5 36. Nd3 Qd2 37. Rxc5 Rxc5 38. dxc5 Qc3 39. Qf4 Re6 40. Kh2 Qc4 41. Qc7 Qd4 42. Qb7 Qc4 43. Qc7 Qd4 44. Qb7 Qc4 45. Qb8 Re7 46. Qb6 Re6 47. Qb7 h5 48. Nf4 Re4 49. Qc7 1-0